| 000 | 00705nam a22002177a 4500 | ||
|---|---|---|---|
| 003 | 0 | ||
| 005 | 20251104081039.0 | ||
| 008 | 251104b xxu||||| |||| 00| 0 eng d | ||
| 020 | _a978-1-78882-287-9 | ||
| 050 |
_aPN 4784.B75 _b.B37 2019 |
||
| 100 |
_aBarrera, Jacoby, _eauthor. |
||
| 245 |
_aBroadcasting journalism / _cJacoby Barrera. |
||
| 260 |
_aWaltham Abbey Essex, UK : _bED-Tech Press, _c2019. |
||
| 300 |
_ax, 306 pages : _billustrations ; _c27 cm. |
||
| 504 | _aIncludes bibliographical references and index. | ||
| 650 | _aBroadcast journalism. | ||
| 650 | _aTelevision broadcasting of news. | ||
| 650 | _aRadio broadcasting of news. | ||
| 650 |
_aJournalism _xTechnique. |
||
| 942 |
_2lcc _cBK |
||
| 999 |
_c368430 _d368430 |
||